|
|
|
|
| LEADER |
00000cam a2200000 i 4500 |
| 003 |
Ucuenca |
| 005 |
20231110062815.0 |
| 006 |
a||||gr|||| 001 j |
| 007 |
ta |
| 008 |
180906s2018 ec gr|||| 001 j spa a |
| 020 |
|
|
|a 978-9942-8720-1-2
|
| 040 |
|
|
|b spa
|a UCuenca-cdrjbv
|c UCuenca
|e rda
|
| 041 |
0 |
|
|a spa
|
| 082 |
0 |
|
|2 21
|a E863.2
|c 125692
|
| 100 |
1 |
|
|9 228574
|a Campoverde Pesántez, Braulio
|e autor
|
| 245 |
1 |
0 |
|a Más allá de una fiesta:
|b historias, vivencias y confidencias /
|c Braulio Campoverde Pesántez.
|
| 250 |
|
|
|a Primera edición.
|
| 264 |
|
1 |
|a Cuenca:
|b Ediciones Cristianas del Azuay,
|c 2018.
|
| 300 |
|
|
|a 120 páginas:
|c 21 cm
|
| 336 |
|
|
|2 rdacontent
|a texto
|b txt
|
| 337 |
|
|
|2 rdamedia
|a no mediado
|b n
|
| 338 |
|
|
|2 rdacarrier
|a volumen
|b nc
|
| 504 |
|
|
|a incl. ref.
|
| 650 |
1 |
0 |
|a Literatura ecuatoriana
|9 307
|
| 650 |
1 |
7 |
|2 UCuenca-cdrjbv
|9 467
|a Narrativa ecuatoriana
|
| 651 |
|
|
|2 UCuenca-cdrjbv
|
| 942 |
|
|
|2 ddc
|c BK
|z marlene.quinde@ucuenca.edu.ec
|r denisse.artiles@ucuenca.edu.ec
|
| 999 |
|
|
|c 154994
|d 154994
|